Environmental engineering (Record no. 15525)
[ view plain ]
| 000 -LEADER | |
|---|---|
| fixed length control field | 00322nam a22001337a 4500 |
| 003 - CONTROL NUMBER IDENTIFIER | |
| control field | OSt |
| 008 - FIXED-LENGTH DATA ELEMENTS--GENERAL INFORMATION | |
| fixed length control field | 180913b ||||| |||| 00| 0 eng d |
| 082 ## - DEWEY DECIMAL CLASSIFICATION NUMBER | |
| Classification number | 628 |
| Item number | NAR/EN |
| 100 ## - MAIN ENTRY--AUTHOR NAME | |
| Personal name | Narayana rao, N |
| 245 ## - TITLE STATEMENT | |
| Title | Environmental engineering |
| 260 ## - PUBLICATION, DISTRIBUTION, ETC. (IMPRINT) | |
| Place of publication | New Delhi |
| Name of publisher | Tata mcgraw hill |
| Year of publication | c1993 |
| 300 ## - PHYSICAL DESCRIPTION | |
| Number of Pages | 268 |
| 942 ## - ADDED ENTRY ELEMENTS (KOHA) | |
| Koha item type | Books |
| Withdrawn status | Lost status | Damaged status | Home library | Current library | Shelving location | Date acquired | Full call number | Accession Number | Koha item type |
|---|---|---|---|---|---|---|---|---|---|
| KAUAET | KAUAET | Scheme | 13/09/2018 | 628 NAR/EN | 18267 | Book Bank scheme for SC students | |||
| KAUAET | KAUAET | Scheme | 13/09/2018 | 628 NAR/EN | 18268 | Book Bank scheme for SC students | |||
| KAUAET | KAUAET | Scheme | 13/09/2018 | 628 NAR/EN | 18269 | Book Bank scheme for SC students | |||
| KAUAET | KAUAET | Scheme | 13/09/2018 | 628 NAR/EN | 18270 | Book Bank scheme for SC students | |||
| KAUAET | KAUAET | Scheme | 13/09/2018 | 628 NAR/EN | 18271 | Book Bank scheme for SC students |
